A carregar...

The biochemistry of viruses /

Detalhes bibliográficos
Autor principal: Levy
Formato: Printed Book
Idioma:English
Publicado em: Marcel Dekker c1969.
Edição:4th ed.
LEADER 00363nam a2200121Ia 4500
008 130611s9999 xx 000 0 eng d
100 |a  Levy  
245 |a The biochemistry of viruses / 
250 |a 4th ed. 
260 |b Marcel Dekker  |c c1969. 
942 |c BK 
999 |c 129228  |d 129228 
952 |0 0  |1 0  |4 0  |7 0  |9 142618  |a ZOO  |b ZOO  |c ST1  |d 2013-06-11  |l 0  |p ZOO2058  |r 2013-06-11  |w 2013-06-11  |y BK